Children and cultural memory in texts of childhood

Includes bibliographical references and index

Sparad:
Bibliografiska uppgifter
Huvudupphovsman: Snell, Heather
Övriga upphovsmän: Hutchison, Lorna
Materialtyp: Bok
Språk:Undetermined
Publicerad: NY. Routledge 2014
Ämnen:
Länkar:http://lrc.tdmu.edu.vn/opac/search/detail.asp?aID=2&ID=28701
Taggar: Lägg till en tagg
Inga taggar, Lägg till första taggen!
Thư viện lưu trữ: Trung tâm Học liệu Trường Đại học Thủ Dầu Một
LEADER 00907nam a2200217Ia 4500
001 TDMU_28701
008 210410s9999 xx 000 0 und d
082 |a 540.3 
090 |b SN201 
100 |a Snell, Heather 
245 0 |a Children and cultural memory in texts of childhood 
245 0 |c edited by Heather Snell and Lorna Hutchison 
260 |a NY. 
260 |b Routledge 
260 |c 2014 
300 |a xvi, 236 p. 
520 |a Includes bibliographical references and index 
650 |a Children's literature  |x History and criticism; Collective memory in literature; National characteristics in literature; Văn học thiếu nhi  |x Lịch sử và phê bình; Đặc điểm quốc gia trong văn học 
700 |a Hutchison, Lorna 
856 |u http://lrc.tdmu.edu.vn/opac/search/detail.asp?aID=2&ID=28701 
980 |a Trung tâm Học liệu Trường Đại học Thủ Dầu Một